MARC

LEADER 00000nam2a2200000 4500
001 303183
005 20231102001558.0
035 |a (RuTPU)RU\TPU\book\328404 
035 |a RU\TPU\book\315790 
090 |a 303183 
100 |a 20150901d1983 k y0rusy50 ca 
101 0 |a rus 
102 |a UA 
105 |a a z 001zy 
200 0 |a Вып. 68 
210 |d 1983 
215 |a 128 с.  |c ил. 
320 |a Библиогр. в конце ст. 
461 1 |0 (RuTPU)RU\TPU\book\32005  |t Автоматизированные системы управления и приборы автоматики  |o республиканский межведомственный научно-технический сборник  |f Харьковский институт радиоэлектроники им. М. К. Янгеля  |v Вып. 68  |d 1974-1992 
606 1 |a Автоматизированные системы планирования и управления  |2 stltpush  |3 (RuTPU)RU\TPU\subj\615  |9 29488 
606 1 |a Автоматические устройства  |2 stltpush  |3 (RuTPU)RU\TPU\subj\909  |9 29715 
610 1 |a непрерывные технологические процессы 
610 1 |a непрерывные технологические системы 
610 1 |a управление 
610 1 |a иерархические системы 
610 1 |a задачи оптимального управления 
610 1 |a исследование 
610 1 |a ситуационное управление 
610 1 |a разработка 
610 1 |a взаимосвязанные заказы 
610 1 |a оптимизация 
610 1 |a сложные технологические комплексы 
610 1 |a АСУ 
610 1 |a алгоритмы управления 
610 1 |a синтез 
610 1 |a расчет 
610 1 |a декомпозиционные методы 
610 1 |a вычислительная последовательность 
610 1 |a построение 
675 |a 658.012.011.56  |v 3 
675 |a 681.52/.53  |v 3 
801 1 |a RU  |b 63413507  |c 20091027 
801 2 |a RU  |b 63413507  |c 20170208  |g RCR 
942 |c BK